[Event "Pardubice Czech op-C 29th"]
[Site "Pardubice"]
[Date "2018.07.22"]
[Round "2"]
[White "Ananchenko, Igor"]
[Black "Vasilchuk, Tatyana Petrovna"]
[Result "1/2-1/2"]
[WhiteElo "2036"]
[BlackElo "1745"]
[PlyCount "100"]
[EventDate "2018.07.21"]
[EventType "swiss"]
[EventRounds "9"]
[EventCountry "CZE"]
[SourceTitle "CBM 186 Extra"]
[Source "ChessBase"]
[SourceDate "2018.08.24"]
[SourceVersion "1"]
[SourceVersionDate "2018.08.24"]
[SourceQuality "1"]

1. d4 d5 2. c4 e6 3. Nc3 Nf6 4. Bg5 Be7 5. e3 c6 6. Nf3 Nbd7 7. Bd3 dxc4 8. Bxc4 Nd5 9. Bxe7 Qxe7 10. 0-0 Nxc3 11. bxc3 0-0 12. e4 b6 13. e5 Bb7 14. Re1 Rfd8 15. Qe2 Nf8 16. Nd2 c5 17. Qe3 Rac8 18. Bd3 Ng6 19. Ne4 Bxe4 20. Bxe4 cxd4 21. cxd4 Qb4 22. Red1 Rc4 23. Bxg6 hxg6 24. d5 Re4 25. a3 Qa4 26. Qg5 Rxd5 27. Rxd5 exd5 28. Qd8+ Kh7 29. Qxd5 Rd4 30. Qf3 Rf4 31. Qh3+ Rh4 32. Qc3 Rd4 33. Re1 Qd7 34. g3 Rd3 35. Qb4 Rd4 36. Qb1 Rd3 37. h4 Rxa3 38. h5 Qd3 39. Qb4 Ra5 40. hxg6+ Qxg6 41. Re4 Qf5 42. Qd4 g5 43. e6 Rd5 44. Qe3 fxe6 45. Rxe6 Rd1+ 46. Kh2 Qd5 47. Re4 g4 48. Kg2 a5 49. Qf4 Rd4 50. Qc7+ Kg8 1/2-1/2

[Event "Budapest FS07 FM"]
[Site "Budapest"]
[Date "2017.07.08"]
[Round "7"]
[White "Bai, Adelard"]
[Black "Ananchenko, Igor"]
[Result "1-0"]
[WhiteElo "1729"]
[BlackElo "2068"]
[PlyCount "47"]
[EventDate "2017.07.01"]
[EventType "tourn"]
[EventRounds "10"]
[EventCountry "HUN"]
[SourceTitle "EXT 2018"]
[Source "ChessBase"]
[SourceDate "2017.10.13"]
[SourceVersion "1"]
[SourceVersionDate "2017.10.13"]
[SourceQuality "1"]

1. e4 c5 2. Nc3 g6 3. g3 Nc6 4. Bg2 Bg7 5. d3 e5 6. f4 d6 7. Nf3 Nge7 8. 0-0 0-0 9. Be3 h6 10. fxe5 dxe5 11. Bxc5 Be6 12. Qe2 Nd4 13. Nxd4 exd4 14. Nd5 Bxd5 15. exd5 Re8 16. Qf2 Nf5 17. g4 Qc7 18. gxf5 Qxc5 19. fxg6 fxg6 20. Qf7+ Kh7 21. Rf6 g5 22. Qg6+ Kh8 23. Rf7 Rg8 24. Be4 1-0

[Event "Budapest FS07 FM"]
[Site "Budapest"]
[Date "2017.07.04"]
[Round "4"]
[White "Farago, Sandor"]
[Black "Ananchenko, Igor"]
[Result "1-0"]
[WhiteElo "2273"]
[BlackElo "2068"]
[PlyCount "83"]
[EventDate "2017.07.01"]
[EventType "tourn"]
[EventRounds "10"]
[EventCountry "HUN"]
[SourceTitle "EXT 2018"]
[Source "ChessBase"]
[SourceDate "2017.10.13"]
[SourceVersion "1"]
[SourceVersionDate "2017.10.13"]
[SourceQuality "1"]

1. e4 c5 2. Nf3 Nc6 3. Bb5 g6 4. c3 Nf6 5. e5 Nd5 6. 0-0 Bg7 7. d4 cxd4 8. cxd4 0-0 9. Nc3 Nc7 10. Bc4 d6 11. exd6 exd6 12. Bg5 Qd7 13. d5 Na5 14. Be2 b6 15. Nd4 Ba6 16. Bxa6 Nxa6 17. Rc1 Rfe8 18. f4 Nc4 19. Nc6 Nxb2 20. Qc2 h6 21. Be7 Nc4 22. Qd3 Na5 23. Rfe1 Nxc6 24. dxc6 Nb4 25. cxd7 Nxd3 26. dxe8Q+ Rxe8 27. Nd5 f5 28. Red1 Nxc1 29. Rxc1 Kf7 30. Bxd6 Rd8 31. Rc7+ Ke6 32. Rxg7 Kxd5 33. Be5 Ke4 34. Rxa7 Rd1+ 35. Kf2 Rd2+ 36. Kf1 g5 37. Ra4+ Kd5 38. Bg7 Rd1+ 39. Ke2 Rg1 40. Kf2 Rh1 41. Bxh6 g4 42. Kg3 1-0

[Event "Budapest FS07 FM"]
[Site "Budapest"]
[Date "2017.07.02"]
[Round "2"]
[White "Ananchenko, Igor"]
[Black "Bai, Adelard"]
[Result "1/2-1/2"]
[WhiteElo "2068"]
[BlackElo "1729"]
[PlyCount "145"]
[EventDate "2017.07.01"]
[EventType "tourn"]
[EventRounds "10"]
[EventCountry "HUN"]
[SourceTitle "EXT 2018"]
[Source "ChessBase"]
[SourceDate "2017.10.13"]
[SourceVersion "1"]
[SourceVersionDate "2017.10.13"]
[SourceQuality "1"]

1. d4 d5 2. c4 e6 3. Nc3 Nf6 4. Bg5 c6 5. e3 Nbd7 6. Nf3 Qa5 7. cxd5 exd5 8. Qc2 Ne4 9. Bh4 Bb4 10. Rc1 Qxa2 11. Bd3 Nxc3 12. bxc3 Qxc2 13. Rxc2 Be7 14. Bxe7 Kxe7 15. 0-0 Nf6 16. c4 Be6 17. Rb1 Rhb8 18. cxd5 Bxd5 19. Nd2 Kf8 20. e4 Be6 21. f4 Rd8 22. Nf3 Bc8 23. d5 cxd5 24. e5 Nh5 25. g3 g6 26. Rc7 Kg8 27. Ng5 Rf8 28. Rbc1 Be6 29. Nxe6 fxe6 30. Rxb7 Rf7 31. Rxf7 Kxf7 32. Rc7+ Kg8 33. Ba6 Ng7 34. g4 Rf8 35. f5 gxf5 36. gxf5 Rxf5 37. Bd3 Rxe5 38. Rc8+ Kf7 39. Rc7+ Kf6 40. Bxh7 a5 41. Ra7 d4 42. Bd3 Nf5 43. Kf2 Kg5 44. Rh7 Kf4 45. h4 Re3 46. Bxf5 Kxf5 47. Rh5+ Kg4 48. Rxa5 Kxh4 49. Ra8 Kg4 50. Rd8 e5 51. Rf8 Ra3 52. Ke2 e4 53. Rg8+ Kf4 54. Rf8+ Ke5 55. Re8+ Kd5 56. Rd8+ Kc4 57. Rc8+ Kb4 58. Rb8+ Kc3 59. Rc8+ Kb2 60. Rb8+ Rb3 61. Rd8 d3+ 62. Kd2 Kb1 63. Rd4 Rb2+ 64. Kd1 Ka2 65. Rxe4 Kb3 66. Re8 Kc3 67. Rc8+ Kd4 68. Rd8+ Kc4 69. Rc8+ Kb3 70. Rb8+ Ka2 71. Rxb2+ Kxb2 72. Kd2 Kb3 73. Kxd3 1/2-1/2

[Event "Prague Summer op 2nd"]
[Site "Prague"]
[Date "2015.08.11"]
[Round "6"]
[White "Bartos, Jan"]
[Black "Ananchenko, Igor"]
[Result "1-0"]
[WhiteElo "2231"]
[BlackElo "2114"]
[PlyCount "107"]
[EventDate "2015.08.07"]
[EventType "swiss"]
[EventRounds "9"]
[EventCountry "CZE"]
[SourceTitle "CBM 167 Extra"]
[Source "ChessBase"]
[SourceDate "2015.09.14"]
[SourceVersion "1"]
[SourceVersionDate "2015.09.14"]
[SourceQuality "1"]

1. d4 d5 2. c4 c6 3. Nc3 Nf6 4. e3 e6 5. Nf3 Nbd7 6. Bd3 dxc4 7. Bxc4 b5 8. Be2 Bb7 9. 0-0 Bd6 10. a3 0-0 11. Qc2 a6 12. b4 a5 13. Rb1 Qe7 14. Qb3 e5 15. dxe5 Nxe5 16. Bd2 axb4 17. axb4 Rfd8 18. Rfd1 Ng6 19. Be1 h6 20. g3 Ne4 21. Nxe4 Qxe4 22. Rd4 Qf5 23. Rbd1 Bc7 24. Rxd8+ Rxd8 25. Rxd8+ Bxd8 26. Nd4 Qd7 27. Nf3 Bf6 28. Bc3 Bxc3 29. Qxc3 Qd5 30. Qd4 Qxd4 31. Nxd4 Kf8 32. f4 Ne7 33. Bf3 Ke8 34. Nxb5 Kd7 35. Nd4 Ba6 36. e4 f6 37. Kf2 Bc4 38. Ke3 Bf7 39. Ne2 Bc4 40. Nc3 Kd6 41. Kd4 Bb3 42. Bg4 Bc2 43. e5+ fxe5+ 44. fxe5+ Kc7 45. Kc5 g5 46. Bf3 Bg6 47. Ne2 Nf5 48. Bxc6 h5 49. b5 Ne3 50. b6+ Kb8 51. e6 Nf1 52. h4 gxh4 53. gxh4 Nd2 54. Nf4 1-0

[Event "Prague Summer op 2nd"]
[Site "Prague"]
[Date "2015.08.09"]
[Round "4"]
[White "Ananchenko, Igor"]
[Black "Schleich, Markus"]
[Result "1-0"]
[WhiteElo "2114"]
[BlackElo "2238"]
[PlyCount "91"]
[EventDate "2015.08.07"]
[EventType "swiss"]
[EventRounds "9"]
[EventCountry "CZE"]
[SourceTitle "CBM 167 Extra"]
[Source "ChessBase"]
[SourceDate "2015.09.14"]
[SourceVersion "1"]
[SourceVersionDate "2015.09.14"]
[SourceQuality "1"]

1. d4 g6 2. c4 Nf6 3. Nc3 Bg7 4. e4 d6 5. Be2 0-0 6. Nf3 Na6 7. 0-0 e5 8. d5 Nc5 9. Qc2 a5 10. Bg5 h6 11. Be3 Nfd7 12. g3 f5 13. Nh4 f4 14. Bxc5 Nxc5 15. Nxg6 f3 16. Bd3 Rf7 17. Nh4 Qg5 18. Rfe1 Qh5 19. Nd1 Bf6 20. Nf5 Bg5 21. b3 Bd7 22. Nde3 Bxe3 23. Rxe3 Bxf5 24. exf5 Nxd3 25. Qxd3 Rxf5 26. Re4 b6 27. Rh4 Qg5 28. h3 Kf7 29. Rxh6 Rg8 30. Rh7+ Kf6 31. Kh2 Qg6 32. Rh4 Qf7 33. Re1 Rg7 34. a3 Ke7 35. b4 axb4 36. axb4 Qf6 37. c5 bxc5 38. bxc5 dxc5 39. Rc4 Rh5 40. h4 Kd7 41. Ree4 Rf7 42. Rxc5 Qb6 43. Rec4 Kd8 44. Qc2 Qh6 45. Qa4 Rd7 46. Qa8+ 1-0

[Event "Privolzhskogo FO-ch"]
[Site "Kazan"]
[Date "2009.01.26"]
[Round "6"]
[White "Ananchenko, Igor"]
[Black "Glukhov, Alexander"]
[Result "0-1"]
[WhiteElo "2166"]
[BlackElo "2002"]
[PlyCount "86"]
[EventDate "2009.01.21"]
[EventType "swiss"]
[EventRounds "9"]
[EventCountry "RUS"]
[SourceTitle "EXT 2010"]
[Source "ChessBase"]
[SourceDate "2010.11.25"]
[SourceVersion "1"]
[SourceVersionDate "2010.11.25"]
[SourceQuality "1"]

1. c4 e5 2. Nc3 f5 3. g3 Nf6 4. Bg2 g6 5. e4 fxe4 6. Nxe4 Nxe4 7. Bxe4 Bg7 8. Ne2 0-0 9. 0-0 d6 10. d4 Nc6 11. d5 Ne7 12. Bg5 Bh3 13. Bg2 Bxg2 14. Kxg2 h6 15. Bxe7 Qxe7 16. Nc3 e4 17. Qd2 Qf6 18. Kg1 Rae8 19. Nb5 Rf7 20. Nxa7 Qxb2 21. Qxb2 Bxb2 22. Rab1 Bd4 23. Rxb7 Ref8 24. Nb5 Bxf2+ 25. Kg2 Bc5 26. Rxf7 Rxf7 27. Rxc7 Rf2+ 28. Kh3 Kf8 29. Rb7 e3 30. Rb8+ Ke7 31. Rb7+ Kf6 32. Nc3 e2 33. Ne4+ Kf5 34. Re7 e1Q 35. Nxd6+ Bxd6 36. Rxe1 Rxa2 37. Re6 Bc5 38. Rc6 Bg1 39. g4+ Kg5 40. c5 Rxh2+ 41. Kg3 Rc2 42. d6 Rxc5 43. d7 Rd5 0-1

[Event "Pardubice op-A"]
[Site "Pardubice"]
[Date "2006.07.26"]
[Round "6"]
[White "Nemcova, Katerina"]
[Black "Ananchenko, Igor"]
[Result "1/2-1/2"]
[WhiteElo "2169"]
[BlackElo "2250"]
[PlyCount "118"]
[EventDate "2006.07.21"]
[EventType "swiss"]
[EventRounds "9"]
[EventCountry "CZE"]
[SourceTitle "CBM 113 Extra"]
[Source "ChessBase"]
[SourceDate "2006.09.14"]
[SourceVersion "1"]
[SourceVersionDate "2006.09.14"]
[SourceQuality "1"]

1. e4 c5 2. Nf3 Nc6 3. d4 cxd4 4. Nxd4 Nf6 5. Nc3 d6 6. Bc4 Bd7 7. 0-0 g6 8. h3 Nxd4 9. Qxd4 Bg7 10. Be3 0-0 11. Qd3 Bc6 12. Rad1 Qa5 13. Nd5 Nxd5 14. exd5 Ba4 15. Qa3 b5 16. Bd2 b4 17. Bxb4 Qc7 18. Bd3 Bd7 19. c4 Bf5 20. Ba5 Qc8 21. Bxf5 Qxf5 22. Bc3 Rfc8 23. Bxg7 Kxg7 24. Qc3+ Qf6 25. Rd4 a5 26. b3 Rcb8 27. Rfd1 Ra7 28. c5 dxc5 29. Qxc5 Ra6 30. Ra4 Qd6 31. Qxd6 exd6 32. Rc1 Rbb6 33. Rc7 g5 34. f4 h6 35. fxg5 hxg5 36. h4 Rb4 37. Rc6 Ra8 38. hxg5 Rxa4 39. bxa4 Kg6 40. Rxd6+ Kxg5 41. Rd7 f5 42. Kf2 Rc8 43. Ra7 Rc5 44. d6 Rd5 45. d7 Kf4 46. Ke2 Rd6 47. a3 Rd5 48. Rxa5 Rxd7 49. Rb5 Kg4 50. a5 Ra7 51. Kf2 f4 52. a4 Rc7 53. a6 Rc2+ 54. Kg1 Rc6 55. Ra5 Kg3 56. Rg5+ Kh4 57. Ra5 Kg3 58. Rg5+ Kh4 59. Rf5 Kg3 1/2-1/2

[Event "Pardubice op-A"]
[Site "Pardubice"]
[Date "2005.07.27"]
[Round "6"]
[White "Can, Emre"]
[Black "Ananchenko, Igor"]
[Result "1/2-1/2"]
[WhiteElo "2195"]
[BlackElo "2274"]
[PlyCount "120"]
[EventDate "2005.07.22"]
[EventType "swiss"]
[EventRounds "9"]
[EventCountry "CZE"]
[SourceTitle "CBM 107 Extra"]
[Source "ChessBase"]
[SourceDate "2005.09.01"]
[SourceVersion "1"]
[SourceVersionDate "2005.09.01"]
[SourceQuality "1"]

1. e4 g6 2. d4 Bg7 3. Nc3 c5 4. d5 d6 5. Be2 Nf6 6. Nf3 0-0 7. 0-0 Na6 8. Bf4 Nc7 9. a4 Rb8 10. Qd2 a6 11. a5 b5 12. axb6 Rxb6 13. Ra2 Rb4 14. e5 Nfxd5 15. Nxd5 Nxd5 16. Bg3 dxe5 17. Rd1 e4 18. Ne5 Rd4 19. Qe1 Rxd1 20. Qxd1 Nb4 21. Qxd8 Rxd8 22. Ra5 Nxc2 23. Nc6 Re8 24. Rxc5 Nd4 25. Nxe7+ Kh8 26. Bf1 Bg4 27. Nd5 Ne2+ 28. Bxe2 Bxe2 29. b4 Rd8 30. Bh4 f6 31. h3 g5 32. Bg3 f5 33. Bc7 Rd7 34. Ne3 Bd4 35. Be5+ Bxe5 36. Rxe5 f4 37. Nf5 Kg8 38. Rxe4 Bd3 39. Re5 Kf7 40. Nh6+ Kg7 41. Ng4 h6 42. Re6 Rb7 43. Ne5 Bb5 44. Rg6+ Kh7 45. Rd6 Be2 46. Rd2 Bb5 47. Rd6 Be2 48. Rd2 Bh5 49. Rd6 Re7 50. Ng4 Bxg4 51. hxg4 Re1+ 52. Kh2 Ra1 53. Rd7+ Kg6 54. Rd6+ Kg7 55. Rd7+ Kg8 56. Ra7 Ra4 57. Rb7 Kf8 58. Rb6 Kg7 59. b5 axb5 60. Rxb5 Ra2 1/2-1/2

[Event "Pardubice op-A"]
[Site "Pardubice"]
[Date "2005.07.24"]
[Round "3"]
[White "Ananchenko, Igor"]
[Black "Espig, Lutz"]
[Result "1/2-1/2"]
[WhiteElo "2274"]
[BlackElo "2444"]
[PlyCount "31"]
[EventDate "2005.07.22"]
[EventType "swiss"]
[EventRounds "9"]
[EventCountry "CZE"]
[SourceTitle "CBM 107 Extra"]
[Source "ChessBase"]
[SourceDate "2005.09.01"]
[SourceVersion "1"]
[SourceVersionDate "2005.09.01"]
[SourceQuality "1"]

1. d4 Nf6 2. c4 d6 3. Nc3 Nbd7 4. e4 e5 5. Nf3 Be7 6. Be2 0-0 7. 0-0 c6 8. h3 a6 9. a4 a5 10. Be3 exd4 11. Nxd4 Nc5 12. Qc2 Re8 13. Rad1 Qc7 14. f4 Bf8 15. Bf3 g6 16. Bf2 1/2-1/2

[Event "Pardubice Skanska op"]
[Site "Pardubice"]
[Date "2004.07.23"]
[Round "1"]
[White "Ananchenko, Igor"]
[Black "Abdelnabbi, Imed"]
[Result "1-0"]
[WhiteElo "2266"]
[BlackElo "2479"]
[PlyCount "45"]
[EventDate "2004.07.23"]
[EventType "swiss"]
[EventRounds "9"]
[EventCountry "CZE"]
[SourceTitle "CBM 101 Extra"]
[Source "ChessBase"]
[SourceDate "2004.09.01"]
[SourceVersion "2"]
[SourceVersionDate "2004.09.01"]
[SourceQuality "1"]

1. d4 Nf6 2. c4 e6 3. Nc3 d5 4. Nf3 Be7 5. Bg5 0-0 6. e3 h6 7. Bxf6 Bxf6 8. Qc2 c6 9. h4 Re8 10. 0-0-0 Nd7 11. g4 Nf8 12. g5 hxg5 13. hxg5 Bxg5 14. Bd3 f5 15. Ne5 Bf6 16. f4 Bxe5 17. fxe5 dxc4 18. Bxc4 b5 19. Qxf5 g6 20. Rdg1 Kg7 21. Rh7+ Kxh7 22. Qf7+ Kh6 23. Rh1+ 1-0

[Event "RUS-Cup07"]
[Site "Togliatti"]
[Date "2001.08.12"]
[Round "5"]
[White "Razuvajeva, Julia"]
[Black "Ananchenko, Igor"]
[Result "0-1"]
[WhiteElo "2223"]
[BlackElo "2248"]
[PlyCount "86"]
[EventDate "2001.08.08"]
[EventType "swiss"]
[EventRounds "9"]
[EventCountry "RUS"]
[SourceTitle "CBM 083 Extra"]
[Source "ChessBase"]
[SourceDate "2001.09.11"]
[SourceVersion "1"]
[SourceVersionDate "2001.09.11"]
[SourceQuality "1"]

1. e4 c5 2. Nf3 Nc6 3. d4 cxd4 4. Nxd4 Nf6 5. Nc3 d6 6. Be3 Ng4 7. Bb5 Nxe3 8. Nxc6 Nxd1 9. Nxd8+ Kxd8 10. Rxd1 e6 11. 0-0 a6 12. Be2 b5 13. f4 Bb7 14. Bf3 Rc8 15. a3 Kc7 16. f5 h5 17. fxe6 fxe6 18. Be2 Kb6 19. Rf7 Bc6 20. Rdf1 d5 21. Bd3 Bc5+ 22. Kh1 Bd4 23. exd5 exd5 24. h3 Bf6 25. Re1 Rce8 26. Rf1 Re5 27. Ne2 Rhe8 28. Nf4 Re1 29. Rxf6 gxf6 30. Nxh5 Rxf1+ 31. Bxf1 Re1 32. Kg1 Rc1 33. Nxf6 Rxc2 34. g4 Rxb2 35. g5 Rb3 36. Kf2 d4 37. Ke2 b4 38. a4 Bxa4 39. Kd2 Rf3 40. Be2 Rxh3 41. Nd5+ Kc5 42. Nf6 Rh2 43. Ne4+ Kb6 0-1

[Event "RUS-Cup07"]
[Site "Togliatti"]
[Date "2001.08.10"]
[Round "3"]
[White "Blatov, Igor"]
[Black "Ananchenko, Igor"]
[Result "1/2-1/2"]
[WhiteElo "2409"]
[BlackElo "2248"]
[PlyCount "106"]
[EventDate "2001.08.08"]
[EventType "swiss"]
[EventRounds "9"]
[EventCountry "RUS"]
[SourceTitle "CBM 083 Extra"]
[Source "ChessBase"]
[SourceDate "2001.09.11"]
[SourceVersion "1"]
[SourceVersionDate "2001.09.11"]
[SourceQuality "1"]

1. e4 c5 2. Nf3 Nc6 3. Nc3 g6 4. d4 cxd4 5. Nxd4 Bg7 6. Nb3 Nf6 7. Be2 0-0 8. Bg5 a5 9. a4 Nb4 10. f4 d5 11. e5 Ne4 12. Nxe4 dxe4 13. c3 Nd3+ 14. Bxd3 exd3 15. Bh4 Qd5 16. 0-0 f6 17. exf6 exf6 18. Nd4 Bf5 19. Nxf5 Qxf5 20. Rf3 Rad8 21. Bf2 Qe4 22. Qb3+ Kh8 23. Re1 Qf5 24. Qd1 d2 25. Re2 Rfe8 26. Rxe8+ Rxe8 27. g3 Qd5 28. Re3 Rd8 29. Re2 f5 30. Bb6 Bf8 31. Bd4+ Kg8 32. Rxd2 Bc5 33. h4 Re8 34. Kh2 Bxd4 35. Rxd4 Qe6 36. Rd8 Rxd8 37. Qxd8+ Kg7 38. Qc7+ Kh6 39. Qxb7 Qe2+ 40. Qg2 Qc4 41. Qc2 Kh5 42. b3 Qf1 43. c4 Kg4 44. Qg2 Qd3 45. c5 Kh5 46. c6 Qxb3 47. Qe2+ Kh6 48. c7 Qc3 49. Qe5 Qd2+ 50. Kg1 Qd1+ 51. Kf2 Qd2+ 52. Qe2 Qc3 53. Qe5 Qc2+ 1/2-1/2

[Event "Budapest FS08 IM-B"]
[Site "Budapest"]
[Date "2000.08.14"]
[Round "10"]
[White "Ananchenko, Igor"]
[Black "Peter, Sebastien"]
[Result "1/2-1/2"]
[WhiteElo "2276"]
[BlackElo "2201"]
[PlyCount "84"]
[EventDate "2000.08.05"]
[EventType "tourn"]
[EventRounds "13"]
[EventCountry "HUN"]
[EventCategory "2"]
[SourceTitle "CBM 077 Extra"]
[Source "ChessBase"]
[SourceDate "2000.09.14"]
[SourceVersion "1"]
[SourceVersionDate "2000.09.14"]
[SourceQuality "1"]

1. d4 e6 2. c4 Nf6 3. Nc3 Bb4 4. Nf3 b6 5. Bg5 Bb7 6. e3 h6 7. Bh4 0-0 8. Qc2 c5 9. Bd3 cxd4 10. exd4 Be7 11. 0-0 Nc6 12. a3 d5 13. Rad1 Rc8 14. Rfe1 Re8 15. Qe2 dxc4 16. Bxc4 Nd5 17. Bxd5 exd5 18. Bxe7 Rxe7 19. Ne5 Na5 20. Qf3 Nc4 21. Nxc4 Rxc4 22. Re3 Rxe3 23. Qxe3 Rc6 24. Re1 Re6 25. Qd2 Qg5 26. Qd1 Bc8 27. f3 Qf4 28. Rxe6 Bxe6 29. h3 h5 30. Nb5 a6 31. Nc3 h4 32. Kh1 Qg3 33. Qe2 Qf4 34. Qxa6 Qxd4 35. Qa8+ Kh7 36. Qa4 Qf2 37. Qd1 Qxb2 38. Nxd5 Bxd5 39. Qxd5 Qa1+ 40. Kh2 Qf6 41. Qd3+ g6 42. Qc4 Kg7 1/2-1/2

[Event "Pardubice KB op"]
[Site "Pardubice"]
[Date "1999.07.16"]
[Round "1"]
[White "Ananchenko, Igor"]
[Black "Kuporosov, Viktor"]
[Result "1/2-1/2"]
[WhiteElo "2283"]
[BlackElo "2482"]
[PlyCount "39"]
[EventDate "1999.07.11"]
[EventType "swiss"]
[EventRounds "9"]
[EventCountry "CZE"]
[SourceTitle "EXT 2000"]
[Source "ChessBase"]
[SourceDate "1999.11.16"]
[SourceVersion "1"]
[SourceVersionDate "1999.11.16"]
[SourceQuality "1"]

1. d4 Nf6 2. c4 c6 3. Nc3 d5 4. Nf3 dxc4 5. e4 b5 6. e5 Nd5 7. a4 e6 8. axb5 Nxc3 9. bxc3 cxb5 10. Ng5 Bb7 11. Qh5 g6 12. Qg4 Be7 13. Be2 Nd7 14. Bf3 Qc8 15. 0-0 h5 16. Qg3 h4 17. Qg4 Bxf3 18. Qxf3 Bxg5 19. Bxg5 Rh5 20. Qg4 1/2-1/2

[Event "Chigorin Memorial 06th"]
[Site "St Petersburg"]
[Date "1998.11.02"]
[Round "3"]
[White "Ananchenko, Igor"]
[Black "Kaparov, Danial"]
[Result "1-0"]
[WhiteElo "2285"]
[BlackElo "2020"]
[PlyCount "85"]
[EventDate "1998.10.31"]
[EventType "swiss"]
[EventRounds "9"]
[EventCountry "RUS"]
[SourceTitle "CBM 067 Extra"]
[Source "ChessBase"]
[SourceDate "1999.01.01"]
[SourceVersion "1"]
[SourceVersionDate "1999.01.01"]
[SourceQuality "1"]

1. d4 Nf6 2. c4 g6 3. Nc3 Bg7 4. e4 d6 5. Be2 0-0 6. Nf3 Nbd7 7. 0-0 e5 8. Qc2 c6 9. Rd1 Qe7 10. b4 exd4 11. Nxd4 Re8 12. f3 d5 13. exd5 Qxb4 14. dxc6 bxc6 15. Kh1 Ne5 16. Rb1 Qe7 17. Bg5 c5 18. Nd5 Qd8 19. Nb5 Bf5 20. Nxf6+ Bxf6 21. Rxd8 Bxc2 22. Rxa8 Rxa8 23. Bxf6 Bxb1 24. Bxe5 Re8 25. f4 Bxa2 26. Kg1 Rd8 27. Kf2 Rd2 28. Nc3 Bb3 29. Ke3 Rd8 30. Ne4 Rc8 31. Bd6 Bc2 32. Nxc5 Rc6 33. Nb7 Rb6 34. Bf3 Bd1 35. Bxd1 Rxb7 36. c5 Rd7 37. Ke4 f5+ 38. Ke5 Kf7 39. c6 Rd8 40. c7 Rc8 41. Bb3+ Ke8 42. Ke6 a5 43. Ba4# 1-0

[Event "Chigorin Memorial 06th"]
[Site "St Petersburg"]
[Date "1998.11.01"]
[Round "2"]
[White "Kholmov, Ratmir D"]
[Black "Ananchenko, Igor"]
[Result "1-0"]
[WhiteElo "2480"]
[BlackElo "2285"]
[PlyCount "77"]
[EventDate "1998.10.31"]
[EventType "swiss"]
[EventRounds "9"]
[EventCountry "RUS"]
[SourceTitle "CBM 067 Extra"]
[Source "ChessBase"]
[SourceDate "1999.01.01"]
[SourceVersion "1"]
[SourceVersionDate "1999.01.01"]
[SourceQuality "1"]

1. e4 c5 2. Nf3 Nc6 3. g3 e5 4. Bg2 Nf6 5. 0-0 g6 6. d3 d5 7. Nc3 d4 8. Nd5 Bg7 9. Re1 Be6 10. Bg5 h6 11. Bxf6 Bxf6 12. Nd2 g5 13. c4 g4 14. a3 a5 15. Qb3 Ra7 16. Qb5 Be7 17. b4 Bd7 18. bxc5 a4 19. Qb6 Qc8 20. Reb1 Rg8 21. f4 h5 22. fxe5 Rg6 23. Rf1 Kf8 24. Rab1 Qb8 25. Nf6 Bxf6 26. Rxf6 Rxf6 27. exf6 Ne5 28. Qb2 Nxd3 29. Qxd4 Ne5 30. Qe3 Ng6 31. c6 Be6 32. c7 Qa8 33. e5 Kg8 34. Qh6 Qf8 35. Qxf8+ Kxf8 36. Bxb7 Nxe5 37. c8Q+ Bxc8 38. Bxc8 Ke8 39. Rb7 1-0

[Event "Chigorin Memorial 06th"]
[Site "St Petersburg"]
[Date "1998.10.31"]
[Round "1"]
[White "Ananchenko, Igor"]
[Black "Kupreichik, Viktor D"]
[Result "0-1"]
[WhiteElo "2285"]
[BlackElo "2505"]
[PlyCount "66"]
[EventDate "1998.10.31"]
[EventType "swiss"]
[EventRounds "9"]
[EventCountry "RUS"]
[SourceTitle "CBM 067 Extra"]
[Source "ChessBase"]
[SourceDate "1999.01.01"]
[SourceVersion "1"]
[SourceVersionDate "1999.01.01"]
[SourceQuality "1"]

1. d4 Nf6 2. c4 e6 3. Nc3 Bb4 4. Nf3 d5 5. Bg5 h6 6. Bxf6 Qxf6 7. e3 0-0 8. Be2 dxc4 9. Bxc4 c5 10. 0-0 cxd4 11. exd4 b6 12. Qd3 Bb7 13. Rad1 Bxf3 14. gxf3 Nc6 15. Qe4 Ne7 16. Qg4 Bxc3 17. bxc3 Rac8 18. d5 h5 19. Qd4 Qxd4 20. Rxd4 Nf5 21. Rf4 g5 22. Rxf5 exf5 23. Bd3 Rxc3 24. Rd1 Rd8 25. Bxf5 Rxf3 26. Be4 Rf4 27. Bc2 Kf8 28. d6 Rf6 29. d7 Ke7 30. Ba4 a6 31. Rd5 b5 32. Bb3 Rxd7 33. Rxg5 Rg6 0-1